Socialismo democrático: tradición y alternativas /
sin resumen
Salvato in:
| Autore principale: | |
|---|---|
| Natura: | testo |
| Soggetti: | |
| Tags: |
Aggiungi Tag
Nessun Tag, puoi essere il primo ad aggiungerne!!
|
MARC
| LEADER | 00000 a a2200000 04500 | ||
|---|---|---|---|
| 001 | 9340 | ||
| 003 | |||
| 040 | |||
| 100 | |a Mugica, Enrique | ||
| 245 | |a Socialismo democrático: |b tradición y alternativas / |c Enrique Mugica | ||
| 520 | |a sin resumen | ||
| 650 | |a SOCIALISMO | ||
| 650 | |a DEMOCRACIA | ||
| 650 | |a ESTADO | ||
| 773 | |g volumen 2, número 39; páginas 103-121 | ||
| 999 | |c 35969 |d 35969 | ||
| 773 | 0 | |0 42453 |9 3505 |d Madrid: Fundación Pablo Iglesias |o 308-SIABUC-2 |t LEVIATAN / | |
